Study Guide - Statistics

General Stats
  • This quiz has been taken 39 times
  • The average score is 32 of 40
Answer Stats
Hint Answer % Correct
Be Beryllium
100%
C Carbon
100%
He Helium
100%
Li Lithium
100%
O Oxygen
100%
K Potassium
100%
Al Aluminium
92%
Ar Argon
92%
Ca Calcium
92%
Au Gold
92%
H Hydrogen
92%
Mg Magnesium
92%
Ne Neon
92%
U Uranium
92%
Zn Zinc
92%
F Fluorine
83%
Fe Iron
83%
Ni Nickel
83%
N Nitrogen
83%
Si Silicon
83%
Xe Xenon
83%
B Boron
75%
Cl Chlorine
75%
Co Cobalt
75%
Cu Copper
75%
I Iodine
75%
Kr Krypton
75%
Ag Silver
75%
Na Sodium
75%
S Sulfur
75%
Ti Titanium
75%
As Arsenic
67%
Cs Cesium
67%
Pb Lead
67%
Hg Mercury
67%
Sn Tin
67%
Br Bromine
58%
Rn Radon
58%
Ba Barium
50%
P Phosphorous
42%
No matching quizzes found
Score Distribution
Percent of People with Each Score
Percentile by Number Answered
Your Score History
You have not taken this quiz